LEADER 00844nam0-22002771i-450- 001 990003763860403321 005 20090721154905.0 035 $a000376386 035 $aFED01000376386 035 $a(Aleph)000376386FED01 035 $a000376386 100 $a20030910d1977----km-y0itay50------ba 101 0 $aita 105 $a--------001cy 200 1 $a<>"media" per l'istruzione$emass media, semiologia ed estetica in una prospettiva pedagogica$fAgata Piromallo Gambardella 210 $aRoma$cOfficina Edizioni$d©1977 215 $a192 p.$d24 cm 225 1 $aCultura e societą$v5 700 1$aPiromallo Gambardella,$bAgata$0142940 801 0$aIT$bUNINA$gRICA$2UNIMARC 901 $aBK 912 $a990003763860403321 952 $aA / PIR 1$b547$fBFS 959 $aBFS 996 $a"media" per l'istruzione$9510502 997 $aUNINA LEADER 02301nam 2200565Ia 450 001 9910701862903321 005 20120618105637.0 035 $a(CKB)5470000002421478 035 $a(OCoLC)795707247 035 $a(EXLCZ)995470000002421478 100 $a20120618d2011 ua 0 101 0 $aeng 135 $aurmn||||||||| 181 $ctxt$2rdacontent 182 $cc$2rdamedia 183 $acr$2rdacarrier 200 10$aInvestigation of the mechanical performance of compliant thermal barriers$b[electronic resource] /$fJeffrey J. DeMange, Robert J. Bott, Patrick H. Dunlap 210 1$aCleveland, Ohio :$cNational Aeronautics and Space Administration, Glenn Research Center,$d[2011] 215 $a1 online resource (14 pages) $cillustrations (some color) 225 1 $aNASA/TM ;$v2011-217142 300 $aTitle from title screen (viewed on June 18, 2012). 300 $a"December 2011." 300 $a"Prepared for the 17th International Space Planes and Hypersonic Systems and Technologies Conference sponsored by the American Institute of Aeronautics and Astronautics, San Francisco, California, April 11-14, 2011." 300 $a"AIAA-2011-2388." 320 $aIncludes bibliographical references (page 14). 606 $aThermal protection$2nasat 606 $aLow density materials$2nasat 606 $aCompression tests$2nasat 606 $aElastic properties$2nasat 606 $aLoads (forces)$2nasat 606 $aPerformance tests$2nasat 606 $aThermodynamic properties$2nasat 615 7$aThermal protection. 615 7$aLow density materials. 615 7$aCompression tests. 615 7$aElastic properties. 615 7$aLoads (forces) 615 7$aPerformance tests. 615 7$aThermodynamic properties. 700 $aDeMange$b Jeffrey J$01396721 701 $aBott$b Robert J$01396722 701 $aDunlap$b Patrick H$01396020 712 02$aNASA Glenn Research Center. 712 12$aAIAA/CIRA International Space Planes and Hypersonic Systems and Technologies Conference$d(17th :$f2011 :$eSan Francisco, Calif.) 801 0$bGPO 801 1$bGPO 906 $aBOOK 912 $a9910701862903321 996 $aInvestigation of the mechanical performance of compliant thermal barriers$93457233 997 $aUNINA LEADER 01285nas 2200397-a 450 001 9910629396103321 005 20240413025306.0 035 $a(CKB)991042724371706 035 $a(CONSER)---72930239- 035 $a(EXLCZ)99991042724371706 100 $a20770131b196919uu -a- - 101 0 $aeng 181 $ctxt$2rdacontent 182 $cc$2rdamedia 183 $acr$2rdacarrier 200 10$aAnnual plan /$fGovernment of Pakistan, Planning Commission 210 $a[Islamabad] $cThe Commission$d1968- 215 $a1 online resource 311 08$aPrint version: Annual plan / 0555-8794 (DLC) 72930239 (OCoLC)2710969 606 $aEconomic policy$2fast$3(OCoLC)fst00902025 606 $aECONOMIC POLICY$2unbist 606 $aSOCIAL POLICY$2unbist 606 $aPAKISTAN$2unbist 607 $aPakistan$xEconomic policy$vPeriodicals 607 $aPakistan$2fast$1https://id.oclc.org/worldcat/entity/E39PBJtRHpcQwVgFhwHTVf9hpP 608 $aPeriodicals.$2fast 615 7$aEconomic policy. 615 7$aECONOMIC POLICY. 615 7$aSOCIAL POLICY. 615 7$aPAKISTAN. 712 02$aPakistan.$bPlanning Commission. 906 $aJOURNAL 912 $a9910629396103321 920 $aexl_impl conversion 996 $aAnnual Plan$91317933 997 $aUNINA